000 00454nam a2200145Ia 4500
008 220216s9999 xx 000 0 und d
100 _aMarkovic G
245 0 _aInfluence of carbon black on reinforcement and gamma radiation resistance of EPDM/CSM and CR/CSM rubber blends
260 _bKautschuk Gummi Kunststoffe
_c2009
300 _a299-305
700 _aBudinski-Simendic J
700 _aDevic S
700 _aMarinovic-Clinncovic M
942 _cJS
999 _c61188
_d61188